| 000 | 01625nam a2200277 4500 | ||
|---|---|---|---|
| 005 | 20230616143130.0 | ||
| 008 | 220117s1925 fr ||||fr|||| 00| 0 fre d | ||
| 040 |
_aCO-BoUCM _bspa _cSandra Yazo _dSandra Yazo (modificó) |
||
| 041 | 1 | _afre | |
| 082 | 0 | 4 |
_220 _a843 |
| 092 | _aE51N073 | ||
| 100 | 1 |
_aFabre, Ferdinand _d1827-1898 _9172914 |
|
| 242 | 0 | 0 |
_aJaviera _cFerdinando Fabre _yspa |
| 245 | 1 | 0 |
_aXavière _cFerdinand Fabre |
| 260 |
_aParís (Francés) _bLibrairie Plon. Plon-Nourrit et Cie. [Librería Plon. Nourrit y Compañía] _c1925 |
||
| 300 |
_a240 páginas _c19 x 12 cm. |
||
| 490 | 0 |
_aBibliothèque Plon [Biblioteca Plon] _v125 |
|
| 500 | _aDetalles físicos: Encuadernación rústica con lomo y tapas de cartulina e impresas; la delantera, con datos de publicación, sobre ilustración en colores. Anteportada. Portada impresa en una sola tinta, con marca tipográfica de los editores (Plon). Texto impreso en una sola columna, con diferentes tipos de letra. Índice. Papel oxidado. Dobleces en esquina inferior. | ||
| 505 | 0 | _aEl paraguas rojo ; Sopa de leche ; El roquete del Papa ; El pastor de Bassac ; Benito Ouradou ; San francisco en la campiña ; La merienda en la fuente, La flauta de Pan ; Rabia de Prudence ; El armario de mi tío ; Cantar de los Cantares ; Dos cómplices ; Lamentaciones del castaño ; Rosas de Jericó Carta de Roma y de Lyon… | |
| 506 | _aConsulta en sala | ||
| 546 | _aTexto en francés | ||
| 650 | 7 |
_920506 _aNovela francesa |
|
| 650 | 7 |
_97794 _aLiteratura francesa _ySiglo XIX |
|
| 690 |
_aLiteratura europea _926524 |
||
| 942 |
_2LOCAL _cLIBRO _e1 _hE51N073 |
||
| 999 |
_c320353 _d320353 |
||